000 00877cam a2200217 4500
001 WB3611-09
008 000000n2000 000 0 eng u
035 _a(Sirsi) u104832
245 _aJudge hits out at RICS over conflict of interest case
260 _c2000
490 _aEstates Gazette
_v (0010) 11 March 2000, 39(1)
520 _aA High Court judge has condemned the RICS for not insisting arbitrators in rent review cases declare any potential conflicts of interest. The criticism arose, after an RICS member was ordered to stand down as arbitrator in a dispute.
590 _aWB
650 _aRICS
650 _aRENT REVIEWS
650 _aCONFLICT OF INTERESTS
650 _aARBITRATORS
650 _aMANAGEMENT-DISPUTE AVOIDANCE, MANAGEMENT AND RESOLUTION-DISPUTE MANAGEMENT AND RESOLUTION-ARBITRATION
690 _aDispute resolution
_96236
942 _n0
999 _c62886
_d62886